003390000a2200121000450008200160000010000200001624500670003626000410010330000140014444000310015865000240018900100040021304aGI CC R723c1 aRosenberg, Amye10aThe Biggest, Most Beatiful : Christmas Tree / Amye RosenbergRo aNew York : Wester Publishing Company a[ 24 p. ] 0aCol. \ Little Golden Book14aLiteratura infantil599